[Event "Juegos Univers 31st blitz op"]
[Site "Pereira"]
[Date "2024.10.03"]
[Round "13"]
[White "Torres Rojas, Yuber Andres"]
[Black "Henao Orozco, Luis Carlos"]
[Result "1-0"]
[WhiteElo "2056"]
[BlackElo "1900"]
[PlyCount "50"]
[EventDate "2024.10.02"]
[EventType "swiss"]
[EventRounds "14"]
[EventCountry "COL"]
[SourceTitle "EXT 2025"]
[Source "ChessBase"]
[SourceDate "2024.10.14"]
[SourceVersion "1"]
[SourceVersionDate "2024.10.14"]
[SourceQuality "1"]

1. e4 e5 2. Nf3 Nf6 3. Nc3 Nc6 4. d4 exd4 5. Nxd4 Nxe4 6. Nxc6 Nxc3 7. Nxd8 Nxd1 8. Nxf7 Nxf2 9. Nxh8 Nxh1 10. Be3 d5 11. Bd3 g6 12. Kd2 Bg7 13. Nxg6 hxg6 14. Bxg6+ Ke7 15. Bg5+ Kd6 16. Rxh1 Bxb2 17. c3 Ba3 18. h4 c5 19. h5 Be6 20. h6 Ke5 21. h7 Rh8 22. Re1+ Kd6 23. Bf6 Rxh7 24. Bxh7 d4 25. Bc2 b5 1-0

[Event "Juegos Univers 31st blitz op"]
[Site "Pereira"]
[Date "2024.10.02"]
[Round "5"]
[White "Barrios Gonzalez, Jesus David"]
[Black "Henao Orozco, Luis Carlos"]
[Result "0-1"]
[WhiteElo "1802"]
[BlackElo "1900"]
[PlyCount "34"]
[EventDate "2024.10.02"]
[EventType "swiss"]
[EventRounds "14"]
[EventCountry "COL"]
[SourceTitle "EXT 2025"]
[Source "ChessBase"]
[SourceDate "2024.10.14"]
[SourceVersion "1"]
[SourceVersionDate "2024.10.14"]
[SourceQuality "1"]

1. d4 d5 2. Nf3 Nf6 3. c4 e6 4. g3 Nbd7 5. Bg2 c6 6. 0-0 dxc4 7. a4 Be7 8. Qc2 b6 9. Qxc4 Bb7 10. Nbd2 c5 11. e3 cxd4 12. exd4 0-0 13. Rd1 Rc8 14. Qd3 Nc5 15. Qe2 Ba6 16. Nc4 Nb3 17. Ra3 Bxa3 0-1

[Event "Juegos Univers 31st rap op"]
[Site "Pereira"]
[Date "2024.10.02"]
[Round "6"]
[White "Capera Lopez, Sergio Andres"]
[Black "Henao Orozco, Luis Carlos"]
[Result "0-1"]
[WhiteElo "1797"]
[BlackElo "1900"]
[PlyCount "69"]
[EventDate "2024.10.01"]
[EventType "swiss"]
[EventRounds "7"]
[EventCountry "COL"]
[SourceTitle "EXT 2025"]
[Source "ChessBase"]
[SourceDate "2024.10.14"]
[SourceVersion "1"]
[SourceVersionDate "2024.10.14"]
[SourceQuality "1"]

1. d4 d5 2. Nf3 Nf6 3. Bf4 c5 4. e3 Qb6 5. Qc1 Nc6 6. c3 Bg4 7. Be2 Rc8 8. Qd2 Ne4 9. dxc5 Qxc5 10. Qd1 Qb6 11. Qb3 e6 12. Qxb6 axb6 13. Nbd2 Nc5 14. h3 Bh5 15. 0-0 Na4 16. Bd1 Nxb2 17. Rb1 Ba3 18. Bc2 Bg6 19. Bxg6 hxg6 20. Ne5 Na4 21. Rb3 Bc5 22. Ndf3 Na5 23. Rc1 Nxb3 24. axb3 Nb2 25. Rb1 Ba3 26. Ra1 Ra8 27. Nd4 Ra5 28. Rb1 0-0 29. b4 Ra6 30. Nc2 Nc4 31. Nd4 Nd2 32. Rd1 Ne4 33. Nb5 Bb2 34. Nc7 Nxc3 35. Rd2 0-1

[Event "Juegos Univers 31st blitz op"]
[Site "Pereira"]
[Date "2024.10.02"]
[Round "6"]
[White "Henao Orozco, Luis Carlos"]
[Black "Barrios Gonzalez, Jesus David"]
[Result "1-0"]
[WhiteElo "1900"]
[BlackElo "1802"]
[PlyCount "79"]
[EventDate "2024.10.02"]
[EventType "swiss"]
[EventRounds "14"]
[EventCountry "COL"]
[SourceTitle "EXT 2025"]
[Source "ChessBase"]
[SourceDate "2024.10.14"]
[SourceVersion "1"]
[SourceVersionDate "2024.10.14"]
[SourceQuality "1"]

1. d4 Nf6 2. c4 d6 3. Nf3 Nbd7 4. Bf4 g6 5. h3 Bg7 6. Nc3 0-0 7. e3 Re8 8. Be2 c6 9. 0-0 Qc7 10. c5 Nh5 11. cxd6 exd6 12. Bh2 Qb6 13. Na4 Qc7 14. Rc1 Nhf6 15. Nc3 Qb6 16. b3 d5 17. Na4 Qd8 18. Nc5 Nxc5 19. dxc5 Ne4 20. Nd4 Qa5 21. Qc2 Nxc5 22. b4 Qxb4 23. Bd6 Bxd4 24. exd4 Bf5 25. Qd1 b6 26. dxc5 bxc5 27. Bxc5 Qa5 28. a3 Re6 29. Bg4 Bxg4 30. Qxg4 Rae8 31. Qg5 f6 32. Qh6 Qa4 33. Rfd1 Qe4 34. Bb4 Qf5 35. Re1 Rxe1+ 36. Bxe1 Re2 37. Qh4 Qe6 38. Bb4 g5 39. Qh6 d4 40. Qf8# 1-0

[Event "Juegos Univers 31st blitz op"]
[Site "Pereira"]
[Date "2024.10.02"]
[Round "4"]
[White "Henao Orozco, Luis Carlos"]
[Black "Castro, Julian1"]
[Result "0-1"]
[WhiteElo "1900"]
[BlackElo "1672"]
[PlyCount "90"]
[EventDate "2024.10.02"]
[EventType "swiss"]
[EventRounds "14"]
[EventCountry "COL"]
[SourceTitle "EXT 2025"]
[Source "ChessBase"]
[SourceDate "2024.10.14"]
[SourceVersion "1"]
[SourceVersionDate "2024.10.14"]
[SourceQuality "1"]

1. d4 f5 2. Bg5 d6 3. c4 h6 4. Bc1 Nf6 5. Nc3 e6 6. g3 Be7 7. Bg2 0-0 8. e3 e5 9. dxe5 dxe5 10. Qxd8 Rxd8 11. Nf3 Nc6 12. Nb5 Rd7 13. Bh3 g6 14. e4 Nxe4 15. Bxh6 Bb4+ 16. Ke2 a6 17. a3 Bc5 18. Nc3 Nxc3+ 19. bxc3 Rh7 20. Bg2 Rxh6 21. Ng5 e4 22. h4 Be7 23. Nh3 Be6 24. Nf4 Bxc4+ 25. Ke1 g5 26. hxg5 Rxh1+ 27. Bxh1 Bxg5 28. Nh3 Bf6 29. Rc1 Ne5 30. Kd2 Rd8+ 31. Kc2 Bd3+ 32. Kb3 b5 33. Nf4 Bc4+ 34. Kc2 Nd3 35. Rg1 Nxf2 36. g4 fxg4 37. Nh5 Bg5 38. Rg2 e3 39. Ng3 Bd5 40. Rg1 Bxh1 41. Nxh1 Nxh1 42. Rxg4 Rd5 43. a4 Nf2 44. Rg1 e2 45. axb5 axb5 0-1

[Event "Juegos Univers 31st op"]
[Site "Pereira"]
[Date "2024.09.29"]
[Round "4"]
[White "Henao Orozco, Luis Carlos"]
[Black "Vallejo, Flavieth"]
[Result "1/2-1/2"]
[WhiteElo "1900"]
[BlackElo "1784"]
[PlyCount "78"]
[EventDate "2024.09.28"]
[EventType "swiss"]
[EventRounds "7"]
[EventCountry "COL"]
[SourceTitle "EXT 2025"]
[Source "ChessBase"]
[SourceDate "2024.10.14"]
[SourceVersion "1"]
[SourceVersionDate "2024.10.14"]
[SourceQuality "1"]

1. d4 g6 2. Nf3 Bg7 3. c4 d6 4. g3 Nd7 5. Bg2 a6 6. Nc3 Rb8 7. a3 c5 8. 0-0 Ngf6 9. b3 0-0 10. Bb2 e6 11. Rc1 b6 12. dxc5 dxc5 13. Qc2 Qc7 14. Rfd1 Rd8 15. Rd2 Bb7 16. Rcd1 Nf8 17. e3 Bc6 18. Ne1 Bxg2 19. Nxg2 Rxd2 20. Qxd2 Qc6 21. Qe2 b5 22. Ne1 b4 23. axb4 cxb4 24. Na4 Ne4 25. Bxg7 Kxg7 26. f3 Nc5 27. Nxc5 Qxc5 28. Nd3 Qc6 29. Kf2 Nd7 30. Qb2+ f6 31. Qd2 Rb7 32. Nxb4 Qb6 33. Qd6 Nc5 34. Qxb6 Rxb6 35. Nd3 Nxb3 36. Rb1 Rb7 37. Nc1 Nc5 38. Rxb7+ Nxb7 39. Nb3 Kf7 1/2-1/2

[Event "Medellin Castro Memorial op-A 31st"]
[Site "Medellin"]
[Date "2024.08.09"]
[Round "6"]
[White "Henao Orozco, Luis Carlos"]
[Black "Pinzon, Jairo David"]
[Result "0-1"]
[WhiteElo "1904"]
[BlackElo "2045"]
[PlyCount "74"]
[EventDate "2024.08.07"]
[EventType "swiss"]
[EventRounds "10"]
[EventCountry "COL"]
[SourceTitle "CBM 221 Extra"]
[Source "ChessBase"]
[SourceDate "2024.09.30"]
[SourceVersion "1"]
[SourceVersionDate "2024.09.30"]
[SourceQuality "1"]

1. d4 d5 2. c4 e6 3. Nc3 c6 4. e3 Nf6 5. Nf3 Nbd7 6. Qc2 Bd6 7. Bd3 0-0 8. 0-0 dxc4 9. Bxc4 b5 10. Bd3 Bb7 11. a3 Rc8 12. b4 a5 13. Rb1 axb4 14. axb4 Qe7 15. Qb3 Nd5 16. Nxd5 exd5 17. Bf5 Ra8 18. Bxd7 Qxd7 19. Ne1 Qf5 20. Nd3 Qh5 21. f4 Bc8 22. Rb2 Bf5 23. Nf2 Qg6 24. Bd2 Ra4 25. Rc1 Be7 26. Qc3 Ra6 27. Be1 h5 28. Rb3 Rfa8 29. Nd3 Be4 30. g3 Bd6 31. Nf2 Bf3 32. Qc2 Qe6 33. Bd2 h4 34. Re1 hxg3 35. hxg3 Ra2 36. Qd3 Qh6 37. Bc3 Rxf2 0-1

[Event "Medellin Castro Memorial op-A 31st"]
[Site "Medellin"]
[Date "2024.08.08"]
[Round "4"]
[White "Henao Orozco, Luis Carlos"]
[Black "Carrillo Parra, Miguel Alfredo"]
[Result "0-1"]
[WhiteElo "1904"]
[BlackElo "2209"]
[PlyCount "92"]
[EventDate "2024.08.07"]
[EventType "swiss"]
[EventRounds "10"]
[EventCountry "COL"]
[SourceTitle "CBM 221 Extra"]
[Source "ChessBase"]
[SourceDate "2024.09.30"]
[SourceVersion "1"]
[SourceVersionDate "2024.09.30"]
[SourceQuality "1"]

1. d4 g6 2. Nf3 Bg7 3. e3 d6 4. b3 e5 5. dxe5 Nc6 6. Bb2 Nge7 7. Nbd2 dxe5 8. Nc4 Qxd1+ 9. Rxd1 f6 10. e4 Bh6 11. Bc1 Bxc1 12. Rxc1 Bg4 13. Be2 h5 14. c3 Nd8 15. h3 Bxf3 16. Bxf3 Ne6 17. Rd1 Rd8 18. Rxd8+ Kxd8 19. g3 b5 20. Ne3 c6 21. h4 a5 22. Nc2 Kc7 23. Ke2 Rd8 24. Rd1 Rxd1 25. Kxd1 Kd6 26. Kd2 Nc8 27. Ke3 Kc5 28. g4 Ng7 29. gxh5 gxh5 30. Kd3 Ne7 31. Ne3 Ng6 32. Ng2 b4 33. Bd1 Ne6 34. c4 Kd6 35. Ke3 Nef4 36. Kf3 Kc5 37. Kg3 Nxg2 38. Kxg2 Kd4 39. Kg3 Nf4 40. Bf3 c5 41. Bh1 Kc3 42. Bf3 Kb2 43. Bxh5 Nxh5+ 44. Kg4 Nf4 45. h5 Nxh5 46. Kxh5 Kxa2 0-1

[Event "American Continental Rapid 18th"]
[Site "Medellin"]
[Date "2024.06.01"]
[Round "4"]
[White "Marin Posada, Sebastian"]
[Black "Henao Orozco, Luis Carlos"]
[Result "1-0"]
[WhiteElo "2275"]
[BlackElo "1850"]
[PlyCount "93"]
[EventDate "2024.06.01"]
[EventType "swiss (rapid)"]
[EventRounds "9"]
[EventCountry "COL"]
[SourceTitle "CBM 220 Extra"]
[Source "ChessBase"]
[SourceDate "2024.07.31"]
[SourceVersion "1"]
[SourceVersionDate "2024.07.31"]
[SourceQuality "1"]

1. e4 e5 2. Nf3 Nc6 3. Bb5 a6 4. Ba4 Nf6 5. 0-0 Be7 6. Re1 b5 7. Bb3 d6 8. c3 Na5 9. Bc2 c5 10. d4 Qc7 11. Nbd2 0-0 12. Nf1 cxd4 13. cxd4 Bg4 14. Ne3 Bxf3 15. Qxf3 exd4 16. Nf5 Nc6 17. Qg3 g6 18. Bg5 Nh5 19. Qh4 Bxg5 20. Qxg5 f6 21. Bb3+ Kh8 22. Qh4 Ng7 23. Nh6 Na5 24. Bd5 Rae8 25. Rac1 Qe7 26. h3 Nc4 27. Bxc4 bxc4 28. Rxc4 f5 29. Qxe7 Rxe7 30. Rxd4 Ne8 31. g4 Kg7 32. g5 Re6 33. Kf1 f4 34. f3 Nf6 35. Rc1 Nd7 36. Rc7 Rd8 37. Rb4 Kf8 38. Rbb7 Ke8 39. Ng4 Nc5 40. Ra7 Nd7 41. Rxa6 Ne5 42. Nf6+ Rxf6 43. gxf6 Rd7 44. Ra8+ Kf7 45. Rxd7+ Nxd7 46. Ra7 Ke6 47. Rxd7 1-0

[Event "American Continental Rapid 18th"]
[Site "Medellin"]
[Date "2024.06.01"]
[Round "8"]
[White "Mena Cordoba, Yamil Octavio"]
[Black "Henao Orozco, Luis Carlos"]
[Result "1/2-1/2"]
[WhiteElo "1890"]
[BlackElo "1850"]
[PlyCount "139"]
[EventDate "2024.06.01"]
[EventType "swiss (rapid)"]
[EventRounds "9"]
[EventCountry "COL"]
[SourceTitle "CBM 220 Extra"]
[Source "ChessBase"]
[SourceDate "2024.07.31"]
[SourceVersion "1"]
[SourceVersionDate "2024.07.31"]
[SourceQuality "1"]

1. e4 e5 2. Nf3 Nf6 3. Nc3 Nc6 4. Bb5 Bc5 5. 0-0 d6 6. h3 Bd7 7. a3 0-0 8. d3 h6 9. Na4 Bb6 10. Nxb6 axb6 11. Be3 Re8 12. Bc4 Be6 13. Bb5 Bd7 14. Nd2 d5 15. f3 d4 16. Bf2 Ne7 17. Bc4 b5 18. Ba2 Ng6 19. Kh2 Nf4 20. h4 Bc8 21. Rh1 c5 22. g3 Ng6 23. Kg2 Be6 24. h5 Nf8 25. Nb3 b6 26. g4 N6h7 27. Nd2 Bxa2 28. Rxa2 Ne6 29. Bg3 Qf6 30. Qc1 Nhg5 31. Rf1 Nf4+ 32. Bxf4 Qxf4 33. Nb3 Ne6 34. Qxf4 Nxf4+ 35. Kg3 f6 36. Rf2 c4 37. Nc1 Rec8 38. dxc4 bxc4 39. Ne2 Ne6 40. Ra1 d3 41. cxd3 cxd3 42. Nc3 Nf4 43. Rd1 Rd8 44. Rfd2 Rac8 45. Kf2 Kf7 46. Ke3 Ke6 47. Nd5 Nxd5+ 48. exd5+ Rxd5 49. Rxd3 Rcd8 50. Rxd5 Rxd5 51. Rc1 Kd7 52. Rc3 b5 53. Ke4 Rd4+ 54. Kf5 Rf4+ 55. Kg6 e4 56. fxe4 Rxg4+ 57. Kf7 Kd6 58. Rd3+ Kc5 59. b3 Rg5 60. Rd8 Rxh5 61. Kxg7 Re5 62. Rc8+ Kd4 63. Kxf6 Rxe4 64. a4 Re3 65. Rd8+ Kc5 66. Rc8+ Kd6 67. Rd8+ Kc7 68. Rd5 Rxb3 69. axb5 Kb6 70. Rh5 1/2-1/2

[Event "American Continental 18th"]
[Site "Medellin"]
[Date "2024.05.27"]
[Round "6"]
[White "Rodriguez Santiago, Jaime"]
[Black "Henao Orozco, Luis Carlos"]
[Result "1/2-1/2"]
[WhiteElo "2042"]
[BlackElo "1868"]
[PlyCount "51"]
[EventDate "2024.05.24"]
[EventType "swiss"]
[EventRounds "11"]
[EventCountry "COL"]
[SourceTitle "CBM 220 Extra"]
[Source "ChessBase"]
[SourceDate "2024.07.31"]
[SourceVersion "1"]
[SourceVersionDate "2024.07.31"]
[SourceQuality "1"]

1. d4 d5 2. c4 e6 3. Nf3 Nf6 4. Nc3 c6 5. e3 Be7 6. Be2 dxc4 7. a4 b6 8. Bxc4 0-0 9. 0-0 c5 10. Qe2 cxd4 11. Nxd4 Bb7 12. Rd1 Qc8 13. b3 Nc6 14. Nf3 Na5 15. Bb2 Nxc4 16. bxc4 Bxf3 17. gxf3 Qc6 18. a5 Rfd8 19. Rdc1 Nd7 20. Ne4 f5 21. Ng3 Nc5 22. Ra3 bxa5 23. e4 fxe4 24. fxe4 Bf8 25. Nh5 Nxe4 26. Nf6+ 1/2-1/2

[Event "American Continental 18th"]
[Site "Medellin"]
[Date "2024.05.25"]
[Round "2"]
[White "Suaza Builes, Oscar A"]
[Black "Henao Orozco, Luis Carlos"]
[Result "0-1"]
[WhiteElo "1684"]
[BlackElo "1868"]
[PlyCount "60"]
[EventDate "2024.05.24"]
[EventType "swiss"]
[EventRounds "11"]
[EventCountry "COL"]
[SourceTitle "CBM 220 Extra"]
[Source "ChessBase"]
[SourceDate "2024.07.31"]
[SourceVersion "1"]
[SourceVersionDate "2024.07.31"]
[SourceQuality "1"]

1. d4 d5 2. Bf4 h5 3. Nf3 Nf6 4. c3 g6 5. h3 Bg7 6. Nbd2 Nbd7 7. e3 c5 8. Bb5 Qb6 9. a4 0-0 10. b3 Ne4 11. Rc1 a6 12. Bd3 Nxd2 13. Nxd2 e5 14. dxe5 Nxe5 15. Bb1 Be6 16. 0-0 Rad8 17. Qe2 Rfe8 18. Ba2 Bf5 19. Bb1 Bxb1 20. Rxb1 Qf6 21. Rfc1 Nc6 22. Nf3 Qxf4 23. Qd2 Qf5 24. Rb2 d4 25. exd4 cxd4 26. c4 d3 27. Rbb1 Re2 28. Qd1 Nd4 29. Ne1 Qxf2+ 30. Kh1 Nf3 0-1

[Event "Medellin de La Raza U2000 op"]
[Site "Medellin"]
[Date "2023.10.15"]
[Round "6"]
[White "Garces Suaza, Carlos Daniel"]
[Black "Henao Orozco, Luis Carlos"]
[Result "1/2-1/2"]
[WhiteElo "1562"]
[BlackElo "1768"]
[PlyCount "47"]
[EventDate "2023.10.12"]
[EventType "swiss"]
[EventRounds "9"]
[EventCountry "COL"]
[SourceTitle "CBM 216 Extra"]
[Source "ChessBase"]
[SourceDate "2023.11.30"]
[SourceVersion "1"]
[SourceVersionDate "2023.11.30"]
[SourceQuality "1"]

1. e4 c5 2. c3 d5 3. exd5 Qxd5 4. d4 Nc6 5. Nf3 cxd4 6. cxd4 e6 7. Nc3 Bb4 8. Be2 Nf6 9. 0-0 Qd8 10. a3 Be7 11. b4 a6 12. Bb2 b5 13. Rc1 Bb7 14. Qb3 0-0 15. Rfd1 Nb8 16. Ne5 Nbd7 17. Bd3 Nb6 18. Re1 Nbd5 19. Ne4 h6 20. Nc6 Bxc6 21. Rxc6 Qd7 22. Rcc1 Nxe4 23. Bxe4 Rac8 24. Rcd1 1/2-1/2

[Event "Medellin de La Raza U2000 op"]
[Site "Medellin"]
[Date "2023.10.14"]
[Round "4"]
[White "Restrepo, Hugo"]
[Black "Henao Orozco, Luis Carlos"]
[Result "0-1"]
[WhiteElo "1514"]
[BlackElo "1768"]
[PlyCount "172"]
[EventDate "2023.10.12"]
[EventType "swiss"]
[EventRounds "9"]
[EventCountry "COL"]
[SourceTitle "CBM 216 Extra"]
[Source "ChessBase"]
[SourceDate "2023.11.30"]
[SourceVersion "1"]
[SourceVersionDate "2023.11.30"]
[SourceQuality "1"]

1. e4 c6 2. d4 d5 3. Nc3 dxe4 4. Nxe4 Nd7 5. Nf3 Ngf6 6. Bd3 g6 7. Qe2 Nxe4 8. Bxe4 Nf6 9. Bd3 Bg4 10. c3 Qd5 11. c4 Bxf3 12. Qxf3 Qxf3 13. gxf3 0-0-0 14. Be3 Nh5 15. 0-0-0 Bg7 16. f4 f5 17. Be2 Nf6 18. Bf3 e6 19. Rd3 Ne4 20. Rhd1 Nd6 21. b3 Kc7 22. a4 b6 23. Kc2 Bf6 24. a5 h6 25. Rg1 g5 26. fxg5 hxg5 27. Bxg5 Bxg5 28. Rxg5 Rxh2 29. Rg7+ Rd7 30. axb6+ axb6 31. Rxd7+ Kxd7 32. Rd2 Kc7 33. Kd3 c5 34. dxc5 bxc5 35. Ke3 e5 36. Bd5 f4+ 37. Kd3 Rh3+ 38. f3 Rh5 39. Ra2 Nf5 40. Ra7+ Kd8 41. Ra5 Nd4 42. Rxc5 Nxb3 43. Rb5 Nd4 44. Rb8+ Kd7 45. Ke4 Ne2 46. Rb7+ Kd8 47. Rb8+ Kd7 48. Rb7+ Kd6 49. Rb6+ Kc5 50. Rb5+ Kd6 51. Rb6+ Kc7 52. Re6 Nc3+ 53. Kd3 Na4 54. Rc6+ Kd7 55. Rg6 Nc5+ 56. Kc3 Rh1 57. Rg7+ Kd6 58. Rg6+ Ke7 59. Rg7+ Kf6 60. Rf7+ Kg6 61. Re7 Re1 62. Kd2 Re3 63. Rc7 Nb3+ 64. Kd1 Nd4 65. Re7 Kf6 66. Re8 Nxf3 67. Rf8+ Kg7 68. Rf7+ Kg6 69. Rc7 Re1+ 70. Kc2 Nd4+ 71. Kd2 Re2+ 72. Kd3 Re3+ 73. Kd2 Nb3+ 74. Kc2 f3 75. Bxf3 Rxf3 76. Rc6+ Kf5 77. Rc8 e4 78. Kd1 Kf4 79. Ke1 Ke3 80. Rb8 Nd2 81. Kd1 Rf1+ 82. Kc2 Nxc4 83. Rb4 Kd4 84. Rb8 e3 85. Rd8+ Ke4 86. Re8+ Ne5 0-1

[Event "Sabaneta op-B 1st"]
[Site "Sabaneta"]
[Date "2022.11.29"]
[Round "6"]
[White "Garces Trujillo, Luis Javier"]
[Black "Henao Orozco, Luis Carlos"]
[Result "1/2-1/2"]
[WhiteElo "1863"]
[BlackElo "1612"]
[PlyCount "86"]
[EventDate "2022.11.25"]
[EventType "swiss"]
[EventRounds "8"]
[EventCountry "COL"]
[SourceTitle "CBM 211 Extra"]
[Source "ChessBase"]
[SourceDate "2023.01.31"]
[SourceVersion "1"]
[SourceVersionDate "2023.01.31"]
[SourceQuality "1"]

1. d4 d5 2. c4 e6 3. Nc3 Nf6 4. cxd5 exd5 5. Bg5 Nbd7 6. e3 c6 7. Bd3 Be7 8. Nf3 h6 9. Bh4 0-0 10. 0-0 Re8 11. Qc2 b6 12. Rab1 c5 13. dxc5 Nxc5 14. Bb5 Bd7 15. Rfd1 g5 16. Bg3 Rc8 17. Nxd5 Nxd5 18. Rxd5 Bxb5 19. Rxd8 Rexd8 20. Ne5 Nd3 21. Qb3 Nxe5 22. Qxb5 Rc5 23. Qa4 Ra5 24. Qe4 Ng6 25. a3 Bf6 26. h3 Rd2 27. f4 Rc5 28. f5 Nh4 29. Bxh4 gxh4 30. b4 Re5 31. Qg4+ Kf8 32. Rd1 Ra2 33. e4 Rxa3 34. Rd5 Re8 35. Qf4 Bg5 36. Qd6+ Kg8 37. e5 Rc8 38. e6 Ra1+ 39. Kh2 Rcc1 40. exf7+ Kxf7 41. Qd7+ Kf8 42. Qd6+ Kf7 43. Qd7+ Kf8 1/2-1/2

[Event "Medellin Amateur op"]
[Site "Medellin"]
[Date "2011.04.22"]
[Round "5.26"]
[White "Henao Orozco, Luis Carlos"]
[Black "Gaviria B, Alejandro"]
[Result "0-1"]
[WhiteElo "1662"]
[BlackElo "1600"]
[PlyCount "26"]
[EventDate "2011.04.20"]
[EventType "swiss"]
[EventRounds "9"]
[EventCountry "COL"]
[SourceTitle "EXT 2024"]
[Source "ChessBase"]
[SourceDate "2023.10.10"]
[SourceVersion "1"]
[SourceVersionDate "2023.10.10"]
[SourceQuality "1"]

1. e4 e6 2. d4 d5 3. Nc3 Nf6 4. Bg5 Be7 5. e5 Nfd7 6. Bxe7 Qxe7 7. Nf3 c5 8. dxc5 Qxc5 9. Bd3 a6 10. a3 Nc6 11. 0-0 Ncxe5 12. Re1 Nxd3 13. Qxd3 0-0 0-1